A manual of the common invertebrate animals: exclusive of insects
Збережено в:
| Автор: | |
|---|---|
| Формат: | Книга |
| Мова: | Англійська |
| Опубліковано: |
New York, USA
McGraw-Hill
1935
|
| Предмети: | |
| Теги: |
Додати тег
Немає тегів, Будьте першим, хто поставить тег для цього запису!
|
MARC
| LEADER | 00000nam a2200000 a 4500 | ||
|---|---|---|---|
| 001 | UCT5261 | ||
| 003 | CL-VaPUC | ||
| 005 | 20230904111505.0 | ||
| 008 | 961205e19350000US |||||||||||||||||eng|d | ||
| 999 | |c 254235 |d 254233 | ||
| 040 | |c Pontificia Universidad Católica de Valparaíso | ||
| 082 | 0 | 4 | |a 592 PRA 1935 |2 21 |
| 100 | 0 | |a Pratt, Henry Sherring |9 374618 | |
| 245 | 1 | 2 | |a A manual of the common invertebrate animals: exclusive of insects |
| 260 | 0 | 3 | |a New York, USA |b McGraw-Hill |c 1935 |
| 300 | |a 854 páginas | ||
| 583 | |a last modification |c 19961205 00:00:00 |k Rodrigo Vera | ||
| 650 | 0 | |a Invertebrados |9 261302 | |
| 650 | 0 | |a Animales |9 269820 | |
| 650 | 0 | |a Zoología |9 261613 | |
| 650 | 7 | |a FISIOLOGIA ANIMAL |2 CL-VaPUC |9 269586 | |
| 650 | 0 | |a Manuales |9 257144 | |
| 942 | |c BK |2 ddc | ||
| 945 | |d 19961205 00:00:00 |a paguirre | ||
| 952 | |0 0 |1 0 |2 ddc |4 0 |6 592_000000000000000_PRA_1935 |7 0 |8 A |9 275735 |a BIBCUR |b BIBCUR |d 2019-11-19 |i 1795309 |o 592 PRA 1935 |p 1795309 |r 2025-04-22 |t 1 |w 2019-11-19 |y BK |k BIO | ||